Women and Human development: the capabilities approach

Enregistré dans:
Détails bibliographiques
Auteur principal: Nussbaum, Martha C.
Format: Texte
Publié: New York: Cambridge University Press
Sujets:
Tags: Ajouter un tag
Pas de tags, Soyez le premier à ajouter un tag!

MARC

LEADER 00000 a a2200000 04500
001 31154
003
040
020 |a 0-521-00385-7  
090 |a 197702  
100 |a Nussbaum, Martha C.  
245 |a Women and Human development: the capabilities approach  
260 |a New York:   |b Cambridge University Press  
300 |a 303 p.  
650 |a IGUALDAD DE OPORTUNIDADES  
650 |a DERECHOS DE LA MUJER  
650 |a DISCRIMINACION BASADA EN EL GENERO  
650 |a BIENESTAR SOCIAL  
650 |a FEMENISMO  
999 |c 1467  |d 1467